00546nam a22001812 4500001001100000005001700011008004100028020001700069040001500086100003200101245007500133250001300208260004300221300001700264650004600281700003400327852000300361000001300820151217152119.0090519s xx 000 0 eng d a8177584370 : aKABUcKABU1 aMishra, Sunita.@000017005810aCommunication skills for engineers /cSunita Mishra, C. Muralikrishna. a1st ed. aNew Delhi :bPearson Education,c2004. axii, 257 p. 0aCommunication in engineering.@00001700591 aMuralikrishna, C.@00001700601